| 000 | 00671cam a22002291 4500 | ||
|---|---|---|---|
| 001 | sa 68009829 | ||
| 003 | DLC | ||
| 005 | 20260227112547.0 | ||
| 008 | 941012s1967 ii ch 000 0 beno | ||
| 010 | _asa 68009829 | ||
| 025 | _aPL480:I-B-3502 | ||
| 035 | _a(OCoLC)31269069 | ||
| 040 |
_aDLC _cCU _dCU _dDLC |
||
| 050 | 0 | 0 |
_aPN1009.B4 _bM5 1967 |
| 100 | 1 |
_aMitra, Khagendranātha, _d1896-1978. |
|
| 245 | 1 | 0 | _aŚatābdīra śiśu-sāhitya. |
| 260 | _c[1967] | ||
| 300 |
_a12, 256, 12, 16 p. _bfacsims., ports. _c22 cm. |
||
| 500 | _aIn Bengali. | ||
| 650 | 0 |
_aChildren's literature, Bengali _xHistory and criticism. |
|
| 650 | 0 |
_aChildren _xBooks and reading _zIndia. |
|
| 999 |
_c83173 _d83173 |
||